Getting the most from your yellow pages advertising /

Bibliographic Details
Main Author: Maher, Barry
Format: Book
Language:English
Published: New York, NY : American Management Association, [1988]
Subjects:

MARC

Tag First Indicator Second Indicator Subfields
LEADER 00000cam a2200000 a 4500
001 in00000766708
005 20151016172058.0
008 880708s1988 nyua 00110 eng
010 |a  88047703  
020 |a 0814476953 
035 |a (OCoLC)18256682 
035 |9 ADJ9618AM 
040 |a DLC  |c DLC  |d TXA  |d UtOrBLW 
049 |a TXAM  |c [A11704892] 
050 0 0 |a HF6146.T4  |b M35 1988 
082 0 |a 659.13/2  |2 19 
100 1 |a Maher, Barry. 
245 1 0 |a Getting the most from your yellow pages advertising /  |c Barry Maher. 
264 1 |a New York, NY :  |b American Management Association,  |c [1988] 
264 4 |c ©1988 
300 |a viii, 246 pages :  |b illustrations ;  |c 26 cm. 
336 |a text  |b txt  |2 rdacontent 
337 |a unmediated  |b n  |2 rdamedia 
338 |a volume  |b nc  |2 rdacarrier 
504 |a Includes index. 
650 0 |a Advertising. 
650 0 |a Telephone  |v Directories  |v Yellow pages. 
650 0 |a Advertising layout and typography. 
999 |a MARS 
999 f f |s ea7b51b3-c055-3dd1-a0cd-61ccd1dfb183  |i 8243d3a3-17fd-340c-8fb8-8ab17506afa2  |t 0 
952 f f |p ric  |a Texas A&M University  |b Rellis Campus  |c Joint Library Facility  |d Remote Storage  |t 0  |e HF6146.T4 M35 1988  |h Library of Congress classification  |i unmediated -- volume  |m A14811704892 
998 f f |a HF6146.T4 M35 1988  |t 0  |l Remote Storage